| 000 | 01244nam a2200229 i 4500 | ||
|---|---|---|---|
| 001 | 167059 | ||
| 003 | ES-MaACL | ||
| 005 | 20250928125921.0 | ||
| 008 | 150326s1852 sp |||| | spa d | ||
| 245 | 0 | 0 |
_aMemorial histórico español _b: colección de documentos, opúsculos y antigüedades que publica la Real Academia de Historia. _n3. |
| 260 |
_aMadrid : _bReal Academia de la Historia, _c1852. |
||
| 300 |
_aXL, 470 p. ; _c22 cm. |
||
| 490 | 1 |
_aMemorial histórico español ; _v3 |
|
| 505 | 8 | _aContiene: Actividades de la Real Academia de la Historia (XL).- Sumario e recopilación de todo lo romançado desde antes de la Guerra del Reyno de Granada : y en ella y después que se acabó hasta oy dia... 1575 / por mi el Licenciado Alonso del Castillo -- Documentos de la época de D. Sancho el Bravo - Inscripción arábiga de Sevilla - Inscripción de Almería | |
| 600 | 1 | 4 |
_aSancho _bIV _cRey de Castilla. _9103042 |
| 650 | 4 |
_aMoriscos- _zGranada (Reino) _9156634 |
|
| 651 | 4 |
_aEspaña- _xHistoria- _y1568-1570, Guerra de las Alpujarras. _9149632 |
|
| 700 | 1 |
_aCastillo, Alonso del, _d1525-1690? _9156635 |
|
| 830 | 0 | 0 |
_aMemorial histórico español _v3 _9187759 |
| 852 |
_aES-MaACL _jC-19308 |
||
| 999 |
_c167059 _d167059 |
||